| 000 | 00588cab a2200229 4500 | ||
|---|---|---|---|
| 001 | X1841 | ||
| 008 | 090401t1995 xxu||||| |||| 00| 0 eng d | ||
| 035 | _a(Sirsi) u19843 | ||
| 041 | _aeng | ||
| 245 | _aResearch | ||
| 260 | _c1995 | ||
| 350 | _a0 | ||
| 490 |
_aCSM (Chartered Surveyor Monthly) _v4(3) January 1995, 27(1) |
||
| 650 | _aAWARDS | ||
| 650 | _aBARRIE TANKEL DISSERTATION AWARDS | ||
| 650 | _aGRANTS | ||
| 650 | _aRESEARCH | ||
| 650 | _aRICS EDUCATION TRUST | ||
| 690 | _aMANAGEMENT-BUSINESS MANAGEMENT-PROFESSIONAL PRACTICE | ||
| 942 | _n0 | ||
| 948 | _c04/03/1997 | ||
| 999 |
_c13290 _d13290 |
||